000 00204 a2200097 4500
001 47018
100 _aClarke R
245 _aWe All Fall Down
260 _aLondon
_bAllen Lane
_c
090 _c30086
_d30086
942 _aNUST-CAE
_cM
_c22321
999 _c282091
_d282091